000
00202nam a22000857a 4500
008
170201b xxu||||| |||| 00| 0 eng d
100
_9
2726
_a
Rich.S.
245
_a
Life Science-4-6
260
_a
U.S.A.
_b
CD
_c
2007
999
_c
5893
_d
5893